[Event "ISR-ch op"]
[Site "Acre"]
[Date "2024.01.28"]
[Round "8"]
[White "Sason, Noam"]
[Black "Streltsov, Alexey"]
[Result "0-1"]
[WhiteElo "1643"]
[BlackElo "2341"]
[PlyCount "78"]
[EventDate "2024.01.21"]
[EventType "swiss"]
[EventRounds "9"]
[EventCountry "ISR"]
[SourceTitle "CB05_2024"]
[SourceDate "2024.01.31"]
[SourceVersion "1"]
[SourceVersionDate "2024.01.31"]
[SourceQuality "1"]

1. e4 c5 2. Nf3 e6 3. d4 cxd4 4. Nxd4 Nc6 5. Nc3 Qc7 6. Be2 Nf6 7. 0-0 a6 8. Kh1 Nxd4 9. Qxd4 Bc5 10. Qd3 b5 11. Bg5 Bb7 12. Rad1 Bc6 13. a3 h5 14. b4 Be7 15. f4 h4 16. Bf3 h3 17. g3 d6 18. Rfe1 0-0 19. Ne2 d5 20. exd5 Bxd5 21. Nd4 Rfd8 22. Qf1 Qc3 23. Bxd5 Rxd5 24. Rd3 Qc4 25. c3 Ng4 26. Kg1 Bxg5 27. fxg5 e5 28. Re4 exd4 29. Rxg4 Rad8 30. Rh4 dxc3 31. Rxc4 Rxd3 32. Qxh3 bxc4 33. g6 fxg6 34. Qe6+ Kf8 35. Qxc4 c2 36. Kg2 Rd1 37. Qf4+ Kg8 38. Qc4+ R8d5 39. Qc8+ Kh7 0-1

[Event "EU-ch U10 rapid"]
[Site "Terme Catez"]
[Date "2023.09.28"]
[Round "5"]
[White "Sason, Noam"]
[Black "Belyaletdinov, Leonard"]
[Result "1-0"]
[WhiteElo "1507"]
[BlackElo "1729"]
[PlyCount "109"]
[EventDate "2023.09.28"]
[EventType "swiss (rapid)"]
[EventRounds "9"]
[EventCountry "SLO"]
[SourceTitle "EXT 2024"]
[Source "ChessBase"]
[SourceDate "2023.10.10"]
[SourceVersion "1"]
[SourceVersionDate "2023.10.10"]
[SourceQuality "1"]

1. e4 c6 2. Nf3 d5 3. Nc3 dxe4 4. Nxe4 Nf6 5. Qe2 Nxe4 6. Qxe4 Nd7 7. Bc4 Nf6 8. Ne5 e6 9. Qe2 Bd6 10. d4 0-0 11. 0-0 Nd5 12. c3 Qc7 13. Bd3 c5 14. Nf3 b6 15. dxc5 bxc5 16. Bg5 Bb7 17. Qe4 g6 18. Qh4 f6 19. Bh6 Rf7 20. Qg4 f5 21. Qh3 Bf8 22. Bc4 Bxh6 23. Qxh6 Rf6 24. Bxd5 Bxd5 25. Ng5 Qg7 26. Qh4 h6 27. Nh3 e5 28. Rfd1 Bc6 29. Qc4+ Kh7 30. Qxc5 Qc7 31. b4 a6 32. a4 Rb8 33. c4 Qb7 34. Qxe5 Rf7 35. Qg3 Qxb4 36. Nf4 g5 37. Nd3 Qf8 38. Ne5 Rf6 39. Rd7+ Kg8 40. Nxc6 Rxc6 41. Qd3 Qf6 42. Re1 Re6 43. Qd5 Rbe8 44. h3 Kf8 45. Rf1 g4 46. hxg4 fxg4 47. Qc5+ Kg8 48. Qh5 Re4 49. f3 R8e5 50. Qh2 Qb6+ 51. Kh1 gxf3 52. gxf3 Re2 53. Rg1+ Kf8 54. Qf4+ Ke8 55. Qf7# 1-0

[Event "Wch U10 blitz"]
[Site "Batumi"]
[Date "2023.06.11"]
[Round "10"]
[White "Sason, Noam"]
[Black "Sklokin, Sergey"]
[Result "0-1"]
[WhiteElo "1562"]
[BlackElo "1715"]
[PlyCount "93"]
[EventDate "2023.06.10"]
[EventType "swiss (blitz)"]
[EventRounds "11"]
[EventCountry "GEO"]
[SourceTitle "EXT 2024"]
[Source "ChessBase"]
[SourceDate "2023.10.10"]
[SourceVersion "1"]
[SourceVersionDate "2023.10.10"]
[SourceQuality "1"]
[WhiteTeam "Israel"]
[BlackTeam "Russia"]
[WhiteTeamCountry "ISR"]
[BlackTeamCountry "RUS"]

1. e4 c6 2. Nf3 d5 3. Nc3 dxe4 4. Nxe4 Nf6 5. Qe2 Nxe4 6. Qxe4 Nd7 7. Bc4 Nf6 8. Ne5 e6 9. Qe2 Bd6 10. d4 Qc7 11. 0-0 h6 12. Bf4 Bd7 13. Rfe1 Nd5 14. Bg3 Rf8 15. Bxd5 cxd5 16. c4 dxc4 17. Nxc4 Bxg3 18. fxg3 Bc6 19. Rac1 0-0-0 20. b4 Kb8 21. Ne5 Qb6 22. Kh1 Bd5 23. Rc5 f6 24. Nc4 Qxb4 25. Rc1 Rc8 26. a3 Qa4 27. Nd6 Rxc5 28. Rxc5 Qxd4 29. Rc1 Bxg2+ 30. Qxg2 Qxd6 31. Qc2 a6 32. Kg2 Qd7 33. h3 Rc8 34. Qb2 Rxc1 35. Qxc1 Qc6+ 36. Qxc6 bxc6 37. Kf2 Kc7 38. Ke3 Kb6 39. Kd4 Kb5 40. h4 e5+ 41. Ke4 c5 42. Kf5 c4 43. Kg6 e4 44. Kxg7 e3 45. Kxh6 e2 46. h5 e1Q 47. Kg7 0-1

[Event "Wch U10 rapid"]
[Site "Batumi"]
[Date "2023.06.08"]
[Round "10"]
[White "Sason, Noam"]
[Black "Guo, Ethan"]
[Result "1-0"]
[WhiteElo "1456"]
[BlackElo "2011"]
[PlyCount "49"]
[EventDate "2023.06.06"]
[EventType "swiss (rapid)"]
[EventRounds "11"]
[EventCountry "GEO"]
[SourceTitle "EXT 2024"]
[Source "ChessBase"]
[SourceDate "2023.10.10"]
[SourceVersion "1"]
[SourceVersionDate "2023.10.10"]
[SourceQuality "1"]
[WhiteTeam "Israel"]
[BlackTeam "United States"]
[WhiteTeamCountry "ISR"]
[BlackTeamCountry "USA"]

1. e4 c5 2. Nf3 d6 3. d4 cxd4 4. Nxd4 Nf6 5. Nc3 a6 6. Bc4 e6 7. Bb3 Be7 8. 0-0 0-0 9. Re1 b5 10. Qf3 Bb7 11. Bxe6 fxe6 12. Nxe6 Qd7 13. Nxf8 Bxf8 14. Bg5 Be7 15. Rad1 Nc6 16. Qg3 Qe6 17. Bxf6 Qxf6 18. Nd5 Qxb2 19. Nxe7+ Nxe7 20. Qxd6 Nc6 21. e5 Qxc2 22. e6 Qg6 23. Qc7 Qe8 24. Qxb7 Ra7 25. Qxc6 1-0

[Event "Wch U10 rapid"]
[Site "Batumi"]
[Date "2023.06.08"]
[Round "8"]
[White "Sason, Noam"]
[Black "Razumovskiy, Platon"]
[Result "0-1"]
[WhiteElo "1456"]
[BlackElo "1455"]
[PlyCount "74"]
[EventDate "2023.06.06"]
[EventType "swiss (rapid)"]
[EventRounds "11"]
[EventCountry "GEO"]
[SourceTitle "EXT 2024"]
[Source "ChessBase"]
[SourceDate "2023.10.10"]
[SourceVersion "1"]
[SourceVersionDate "2023.10.10"]
[SourceQuality "1"]
[WhiteTeam "Israel"]
[BlackTeam "FIDE"]
[WhiteTeamCountry "ISR"]

1. e4 c5 2. Nf3 e6 3. d4 cxd4 4. Nxd4 Nf6 5. Nc3 Nc6 6. Ndb5 Bb4 7. a3 Bxc3+ 8. Nxc3 d5 9. Bd3 dxe4 10. Nxe4 Nxe4 11. Bxe4 Qxd1+ 12. Kxd1 Bd7 13. Re1 0-0-0 14. Bd2 Rhe8 15. b4 h6 16. Kc1 f5 17. Bd3 e5 18. f3 Re7 19. b5 Nd4 20. Bb4 Ree8 21. a4 Kc7 22. Ra3 b6 23. Bc3 Kb7 24. Kd2 Rc8 25. f4 Ne6 26. Bxe5 Nc5 27. Bxg7 Rxe1 28. Kxe1 Nxd3+ 29. Rxd3 Be6 30. Kd2 Rg8 31. Bxh6 Rxg2+ 32. Kc3 Rxh2 33. Bg5 Rh7 34. Rd6 Bc8 35. Bf6 Rc7+ 36. Kb3 Rd7 37. Rc6 Rc7 0-1

[Event "Rishon Le Ziyyon-ch U18"]
[Site "Rishon Le Ziyyon"]
[Date "2023.04.04"]
[Round "9"]
[White "Sason, Noam"]
[Black "Zakin, Lior"]
[Result "1-0"]
[WhiteElo "1510"]
[BlackElo "1504"]
[PlyCount "103"]
[EventDate "2023.03.28"]
[EventType "swiss"]
[EventRounds "9"]
[EventCountry "ISR"]
[SourceTitle "CBM 213 Extra"]
[Source "ChessBase"]
[SourceDate "2023.05.31"]
[SourceVersion "1"]
[SourceVersionDate "2023.05.31"]
[SourceQuality "1"]

1. e4 c5 2. Nf3 Nc6 3. d4 cxd4 4. Nxd4 g6 5. c4 Nf6 6. Nc3 Nxd4 7. Qxd4 d6 8. Be2 Bg7 9. Be3 0-0 10. Qd2 a5 11. Rd1 a4 12. c5 a3 13. b4 Be6 14. cxd6 exd6 15. f3 Nd7 16. 0-0 Rc8 17. Nb5 Be5 18. f4 Bb2 19. Nxd6 Rc3 20. Nb5 Rxe3 21. Qxe3 Qe7 22. Nxa3 Qxb4 23. Nc2 Qa4 24. f5 Bxa2 25. Qd2 Bb3 26. Qxd7 Qa7+ 27. Kh1 Bxc2 28. Rd2 Ba4 29. Qc7 Bg7 30. fxg6 hxg6 31. Bc4 Kh7 32. Rxf7 Rxf7 33. Qxf7 Qe3 34. Rd8 Qe1+ 35. Qf1 Qxe4 36. Bd5 Qe3 37. Bg8+ Kh6 38. Rd3 Bb5 39. Rxe3 Bxf1 40. Re7 b5 41. Kg1 Bd3 42. Bb3 Bf8 43. Rd7 Bc5+ 44. Kh1 Bf5 45. Rd5 Bb6 46. Rxb5 Bc7 47. Rc5 Bd6 48. Rc6 Bb8 49. Bc2 Bxc2 50. Rxc2 Kh5 51. g3 Kg4 52. Kg2 1-0

[Event "Wch U10 blitz"]
[Site "Rhodes"]
[Date "2022.05.03"]
[Round "3"]
[White "Sason, Noam"]
[Black "Jalving, August"]
[Result "0-1"]
[WhiteElo "1495"]
[BlackElo "1908"]
[PlyCount "36"]
[EventDate "2022.05.03"]
[EventType "swiss (blitz)"]
[EventRounds "9"]
[EventCountry "GRE"]
[SourceTitle "CBM 208 Extra"]
[Source "ChessBase"]
[SourceDate "2022.07.31"]
[SourceVersion "1"]
[SourceVersionDate "2022.07.31"]
[SourceQuality "1"]

1. e4 c6 2. Nf3 d5 3. Nc3 dxe4 4. Nxe4 Nf6 5. Qe2 Nxe4 6. Qxe4 Nd7 7. d4 Nf6 8. Qh4 e6 9. Bd3 Be7 10. Qg3 0-0 11. Bh6 Ne8 12. 0-0 Kh8 13. Bf4 f5 14. Rfe1 Nf6 15. Qh3 Ne4 16. Qh5 Bd7 17. Bxe4 fxe4 18. Ng5 Bxg5 0-1

[Event "EU-ch Schools U09"]
[Site "Rhodes"]
[Date "2022.04.29"]
[Round "9"]
[White "Popescu, Rares Stefan"]
[Black "Sason, Noam"]
[Result "1/2-1/2"]
[WhiteElo "1217"]
[BlackElo "1503"]
[PlyCount "80"]
[EventDate "2022.04.21"]
[EventType "swiss"]
[EventRounds "9"]
[EventCountry "GRE"]
[SourceTitle "CBM 208 Extra"]
[Source "ChessBase"]
[SourceDate "2022.07.31"]
[SourceVersion "1"]
[SourceVersionDate "2022.07.31"]
[SourceQuality "1"]

1. e4 c5 2. Nf3 d6 3. Bb5+ Bd7 4. Bxd7+ Qxd7 5. 0-0 Nc6 6. c3 Nf6 7. Qe2 e6 8. d4 cxd4 9. cxd4 d5 10. e5 Ne4 11. Nbd2 Nxd2 12. Bxd2 Bb4 13. Bxb4 Nxb4 14. a3 Nc6 15. Rac1 0-0 16. Rc3 f6 17. Rfc1 Qf7 18. Rd1 Rad8 19. Rcd3 Rd7 20. Qe3 Qg6 21. exf6 Rxf6 22. Rc1 Rdf7 23. Ne5 Nxe5 24. Rc8+ Rf8 25. Rxf8+ Rxf8 26. dxe5 Rc8 27. h3 Rc4 28. Kh2 Qe4 29. Qxe4 Rxe4 30. Re3 Rxe3 31. fxe3 Kf7 32. g4 g5 33. Kg3 Ke7 34. Kf3 Kd7 35. Ke2 Kc6 36. Kd3 Kb5 37. b3 a5 38. Kc3 Kc5 39. Kd3 b5 40. Kc3 b4+ 1/2-1/2

[Event "EU-ch Schools U09"]
[Site "Rhodes"]
[Date "2022.04.23"]
[Round "3"]
[White "Sason, Noam"]
[Black "Mahapatra, Samyakk"]
[Result "1-0"]
[WhiteElo "1503"]
[BlackElo "1234"]
[PlyCount "115"]
[EventDate "2022.04.21"]
[EventType "swiss"]
[EventRounds "9"]
[EventCountry "GRE"]
[SourceTitle "CBM 208 Extra"]
[Source "ChessBase"]
[SourceDate "2022.07.31"]
[SourceVersion "1"]
[SourceVersionDate "2022.07.31"]
[SourceQuality "1"]

1. e4 e5 2. Nf3 Nc6 3. Bc4 Nd4 4. c3 Nxf3+ 5. Qxf3 Nf6 6. d4 d6 7. 0-0 Bg4 8. Qg3 Be7 9. f3 Bd7 10. Qxg7 Rf8 11. dxe5 dxe5 12. f4 Bc5+ 13. Kh1 Nxe4 14. fxe5 Qh4 15. Bxf7+ Ke7 16. Bd5+ Kd8 17. Rxf8+ Be8 18. Rf1 Nf2+ 19. Rxf2 Qxf2 20. Qf6+ Qxf6 21. exf6 Bg6 22. Bg5 Kd7 23. Nd2 c6 24. Be4 Ke6 25. Re1 Kf7 26. Bxg6+ Kxg6 27. Nf3 h6 28. Be3 Bd6 29. Bd4 b6 30. Be5 Bc5 31. b4 Bf8 32. Nd4 Re8 33. Nxc6 Bd6 34. Bg3 Rxe1+ 35. Bxe1 Kxf6 36. Nxa7 Be5 37. Nc8 b5 38. Na7 Kf5 39. Nxb5 Bf4 40. a4 Bb8 41. a5 Ke6 42. a6 Kd7 43. Bg3 Kc8 44. Bxb8 Kxb8 45. g4 Ka8 46. a7 Kb7 47. h4 Ka8 48. g5 hxg5 49. hxg5 Kb7 50. g6 Ka8 51. g7 Kb7 52. g8Q Kc6 53. a8Q+ Kxb5 54. Qge8+ Kc4 55. Qee4+ Kb3 56. Qed5+ Kxc3 57. Qa3+ Kc2 58. Qdd3# 1-0

[Event "EU-ch Hybrid U08"]
[Site "Tornelo INT"]
[Date "2021.10.15"]
[Round "1"]
[White "Sason, Noam"]
[Black "Frutuoso, Tiago"]
[Result "1-0"]
[WhiteElo "1551"]
[BlackElo "1070"]
[PlyCount "91"]
[EventDate "2021.10.15"]
[EventType "swiss"]
[EventRounds "9"]
[EventCountry "NET"]
[SourceTitle "EXT 2023"]
[Source "ChessBase"]
[SourceDate "2022.10.05"]
[SourceVersion "1"]
[SourceVersionDate "2022.10.05"]
[SourceQuality "1"]
[WhiteTeam "Israel"]
[BlackTeam "Portugal"]
[WhiteTeamCountry "ISR"]
[BlackTeamCountry "POR"]

1. e4 e5 2. Nf3 Nc6 3. Bc4 Bc5 4. c3 Nf6 5. d3 d6 6. 0-0 a6 7. a4 Ba7 8. h3 h6 9. Re1 0-0 10. Be3 Nh5 11. b4 Nf4 12. Bxf4 exf4 13. d4 Re8 14. Qd2 Qf6 15. Na3 Re7 16. e5 dxe5 17. dxe5 Nxe5 18. Rxe5 Rxe5 19. Nxe5 Qxe5 20. Qd8+ Kh7 21. Bxf7 h5 22. Qg8+ Kh6 23. Qh8+ Kg5 24. Qxh5+ Kf6 25. Qg6+ Ke7 26. Kf1 Bf5 27. Qh5 Bd3+ 28. Kg1 Qxh5 29. Bxh5 Rf8 30. Re1+ Kd7 31. Rd1 Kc8 32. Rxd3 Rg8 33. Nc4 Rf8 34. Ne5 Rf5 35. Bg4 g6 36. Nxg6 b6 37. Ne7+ Kb7 38. Bf3+ c6 39. Rd7+ Kb8 40. Nxf5 b5 41. Bxc6 bxa4 42. Nd6 Bxf2+ 43. Kxf2 f3 44. Rb7+ Ka8 45. Nc8 fxg2 46. Nb6# 1-0